| 000 | 01333cam a2200289 a 4500 | ||
|---|---|---|---|
| 001 | j 66003018 | ||
| 003 | DLC | ||
| 005 | 20260227111521.0 | ||
| 008 | 950922m19009999ja a b 000 0 jpn | ||
| 010 | _aj 66003018 | ||
| 035 | _a(CStRLIN)DCLP95-B19445 | ||
| 040 |
_aDLC-R _cDLC-R _dDLC |
||
| 043 | _aa-ja--- | ||
| 050 | 0 | 0 |
_aSD433 _b.N5 |
| 066 | _c$1 | ||
| 245 | 0 | 0 |
_6880-01 _aRingyō gijutsu sōsho. |
| 260 |
_6880-02 _aTōkyō : _bNihon Ringyō Gijutsu Kyōkai, _c<Shōwa 24-33 [1949-1958 > |
||
| 300 |
_av. <4-5, 16, 19-20 > : _bill. ; _c19-26 cm. |
||
| 504 | _aIncludes bibliographical references. | ||
| 505 | 1 | _a-- dai 4-shū. Shinrin kumiai no arikata / Ōsaki Rokurō cho -- dai 5-shū. Shokubutsu no seiri to tsugiki no jissai / Shirai Yasaka cho -- dai 16-shū. Yūmei mokutan to sono seihō / Uchida Akira hen -- dai 19-shū. Rinboku no tame to sono toriatsukai / Ozawa Junjirō cho -- dai 20-shū. Nihon matsubayashi no seitaigakuteki kenkyū / Yoshioka Kuniji cho | |
| 650 | 0 |
_aForests and forestry _xResearch. |
|
| 650 | 0 |
_aForests and forestry _zJapan. |
|
| 710 | 2 |
_6880-03 _aNihon Ringyō Gijutsu Kyōkai. |
|
| 880 | 0 | 0 |
_6245-01/$1 _a林業技術叢書. |
| 880 |
_6260-02/$1 _a東京 : _b日本林業技術協會, _c<昭和 24-33 [1949-1958 > |
||
| 880 | 2 |
_6710-03/$1 _a日本林業技術協會. |
|
| 999 |
_c35116 _d35116 |
||